Sports Quiz

Random Sports Quiz

¿Conoces a todos los seleccionadores españoles? Quiz Stats

 Plays Quiz not verified by Sporcle

Challenge
Share
Tweet
Embed
Score 0/9 Timer 08:00
0 Plays Today
Selección Entrenador % Correct
BélgicaRoberto Martinez
100%
EspañaJulen Lopetegui
94.1%
ChileJose Antonio Pizzi
82.4%
GabónJose Antonio Camacho
70.6%
ArgeliaLucas Alcaraz
64.7%
IndonesiaLuis Milla
41.2%
AngolaBeto Bianchi
29.4%
Puerto RicoCarlos Garcia Cantarero
29.4%
AndorraKoldo Alvarez
29.4%

You're not logged in!

Compare scores with friends on all Sporcle quizzes.
Join for Free
OR
Log In

You Might Also Like...

Show Comments

Extras

Created May 26, 2017ReportNominate
Tags:del, ere, que, too

Top Quizzes Today


Score Distribution

Your Account Isn't Verified!

In order to create a playlist on Sporcle, you need to verify the email address you used during registration. Go to your Sporcle Settings to finish the process.

Report this User

Report this user for behavior that violates our Community Guidelines.

Details: